<?xml version="1.0" encoding="UTF-8"?>
<marc:record xmlns:marc="http://www.loc.gov/MARC21/slim">
   <marc:leader>00000nam a2200000 a 4500</marc:leader>
   <marc:datafield ind1=" " ind2=" " tag="653">
      <marc:subfield code="a">2-4 Spieler</marc:subfield>
   </marc:datafield>
   <marc:datafield ind1="0" ind2="0" tag="245">
      <marc:subfield code="a">Flipping Frogs</marc:subfield>
   </marc:datafield>
   <marc:datafield ind1=" " ind2="1" tag="264">
      <marc:subfield code="a">Günzburg</marc:subfield>
      <marc:subfield code="b">Huch &amp; friends</marc:subfield>
      <marc:subfield code="c">2025</marc:subfield>
   </marc:datafield>
   <marc:datafield ind1="1" ind2=" " tag="520">
      <marc:subfield code="a">Sichere dir mit deinen Fröschen die besten Plätze im Regenwald! Jeder bekommt geheim eine Froschfarbe zugeteilt. Bist du an der Reihe, legst du ein Froschplättchen auf den Plan. Sind in der Nachbarschaft in Pfeilrichtung bereits Plättchen, werden diese umgedreht - geflippt! So versteckst du Frösche und deckst andere, natürlich bevorzugt in deiner eigenen Froschfarbe, wieder auf! Spielst du ein Schlangenplättchen, kommt ein Plättchen sogar komplett aus dem Spiel. Bringe deine Frösche in gute Positionen und versuche am Ende mit deiner Froschfarbe die Mehrheit zu haben. Plane gut, achte auf Schlangen und flipp dich zum Sieg!</marc:subfield>
   </marc:datafield>
   <marc:datafield ind1="3" ind2=" " tag="024">
      <marc:subfield code="a">4260071884411</marc:subfield>
   </marc:datafield>
   <marc:datafield ind1=" " ind2=" " tag="041">
      <marc:subfield code="a">ger</marc:subfield>
   </marc:datafield>
   <marc:datafield ind1=" " ind2=" " tag="338">
      <marc:subfield code="a">Gegenstand</marc:subfield>
   </marc:datafield>
</marc:record>
